Geografía de la utilización de las aguas continentales (Registro nro. 5207)
[ vista simple ]
| 000 -LEADER | |
|---|---|
| fixed length control field | 01213 a2200217 4500 |
| 001 - CONTROL NUMBER | |
| control field | 53351 |
| 005 - DATE AND TIME OF LATEST TRANSACTION | |
| control field | 20260407155808.0 |
| 008 - FIXED-LENGTH DATA ELEMENTS--GENERAL INFORMATION | |
| fixed length control field | 260407a1980 arg spa d |
| 003 - CONTROL NUMBER IDENTIFIER | |
| control field | AR-UNSa-BCEJYS |
| 040 ## - CATALOGING SOURCE | |
| Original cataloging agency | AR-UNSa-BCEJYS |
| Language of cataloging | spa |
| Transcribing agency | AR-UNSa-BCEJYS |
| 080 ## - UNIVERSAL DECIMAL CLASSIFICATION NUMBER | |
| Universal Decimal Classification number | 628.1 |
| Common auxiliary subdivision | Abastecimiento de agua. Tratamiento del agua. Consumo del agua |
| 020 ## - INTERNATIONAL STANDARD BOOK NUMBER | |
| International Standard Book Number | 84-281-0438-7 |
| 100 1# - MAIN ENTRY--PERSONAL NAME | |
| Personal name | Bethemont, Jacques |
| 245 10 - TITLE STATEMENT | |
| Title | Geografía de la utilización de las aguas continentales |
| 264 #1 - PRODUCTION, PUBLICATION, DISTRIBUTION, MANUFACTURE, AND COPYRIGHT NOTICE | |
| Place of production, publication, distribution, manufacture | Barcelona : |
| Name of producer, publisher, distributor, manufacturer | Oikos-tau |
| Date of production, publication, distribution, manufacture, or copyright notice | 1980 |
| 300 ## - PHYSICAL DESCRIPTION | |
| Extent | 435 p. |
| Dimensions | 21 cm. |
| 505 ## - FORMATTED CONTENTS NOTE | |
| Formatted contents note | 1. El ciclo del agua y sus componentes - 2. Las necesidades humanas y los recursos en agua -3. Descubrimiento y acondicionamiento de los recursos en agua - 4. Los hombres contra el agua:Inundaciones y tierras bajas - 5. Medio ambiente:La parte del riesgo - 6. Necesiddad y dificultades de una gestión del agua - 7. Marismas y lugares de pesca - 8. El agua en la agricultura: Principios y técnicas - 9. Los paisajes de la agricultura hidráulica - 10. El agua al servicio de las actividades no agrícolas - 11. Conclusión.El agua y la organización del espacio |
| 590 ## - LOCAL NOTE (RLIN) | |
| Local note | niveau_biblio:m niveau_hierar:0 |
| 700 1# - ADDED ENTRY--PERSONAL NAME | |
| Personal name | Ferrer, Alexandre |
| 942 ## - ADDED ENTRY ELEMENTS (KOHA) | |
| Koha item type | |
| Withdrawn status | Lost status | Damaged status | Not for loan | Home library | Current library | Shelving location | Date acquired | Total checkouts | Full call number | Barcode | Date last seen | Price effective from | Koha item type |
|---|---|---|---|---|---|---|---|---|---|---|---|---|---|
| Biblioteca Prof. Eusebio Cleto del Rey | Biblioteca Prof. Eusebio Cleto del Rey | 07/04/2026 | 628.1 B562 | L33434 | 07/04/2026 | 07/04/2026 | Libro |